[Event "SVK-chT1W 2122"]
[Site "Slovakia"]
[Date "2022.04.23"]
[Round "8.6"]
[White "Striskova, Lucia"]
[Black "Urbanic, Martin"]
[Result "1-0"]
[WhiteElo "1882"]
[BlackElo "2032"]
[PlyCount "79"]
[EventDate "2021.11.06"]
[EventType "team-tourn"]
[EventRounds "11"]
[EventCountry "SVK"]
[SourceTitle "EXT 2023"]
[Source "ChessBase"]
[SourceDate "2022.10.05"]
[SourceVersion "1"]
[SourceVersionDate "2022.10.05"]
[SourceQuality "1"]
[WhiteTeam "Bratislava KSN"]
[BlackTeam "Povazska Bystrica"]
[WhiteTeamCountry "SVK"]
[BlackTeamCountry "SVK"]

1. e4 e5 2. Nf3 Nc6 3. Bc4 d6 4. 0-0 Be7 5. c3 Nf6 6. Re1 0-0 7. d3 Bg4 8. Nbd2 a6 9. Bb3 h6 10. Nf1 Nh7 11. h3 Bxf3 12. Qxf3 Bg5 13. Ne3 Bxe3 14. Bxe3 Kh8 15. Bc2 Ng5 16. Qg4 Ne6 17. Bd2 Qf6 18. g3 Qg6 19. Qxg6 fxg6 20. Kg2 Rf6 21. Be3 Raf8 22. Rf1 g5 23. Bd1 Rd8 24. Bf3 Ne7 25. d4 Ng6 26. Bh5 c5 27. d5 Nc7 28. a4 a5 29. Rfb1 Na6 30. Be2 Rb8 31. Ra3 Rbf8 32. Rb3 Nf4+ 33. Bxf4 gxf4 34. Bxa6 fxg3 35. Bf1 Rxf2+ 36. Kg1 c4 37. Bxc4 Rh2 38. Rf1 Rf4 39. Rxb7 Rxe4 40. Rb8+ 1-0

[Event "SVK-chT1W 1920"]
[Site "Slovakia"]
[Date "2020.02.23"]
[Round "9.6"]
[White "Foglar, Ivan"]
[Black "Urbanic, Martin"]
[Result "1/2-1/2"]
[WhiteElo "1959"]
[BlackElo "2031"]
[PlyCount "50"]
[EventDate "2019.10.12"]
[EventType "team-tourn"]
[EventRounds "11"]
[EventCountry "SVK"]
[SourceTitle "CBM 195 Extra"]
[Source "ChessBase"]
[SourceDate "2020.05.31"]
[SourceVersion "1"]
[SourceVersionDate "2020.05.31"]
[SourceQuality "1"]
[WhiteTeam "Bratislava Lokomotiva"]
[BlackTeam "Povazska Bystrica"]
[WhiteTeamCountry "SVK"]
[BlackTeamCountry "SVK"]

1. e4 e5 2. Nf3 Nc6 3. Bc4 d6 4. d3 Be7 5. c3 Nf6 6. Nbd2 0-0 7. Nf1 a6 8. a4 h6 9. Ng3 Nh7 10. 0-0 Ng5 11. Nxg5 Bxg5 12. d4 Bxc1 13. Rxc1 Qf6 14. d5 Ne7 15. Qd2 g5 16. Be2 Qg6 17. c4 f5 18. exf5 Nxf5 19. Bd3 Qf7 20. Bxf5 Bxf5 21. h4 Qg6 22. hxg5 hxg5 23. Rc3 Kg7 24. Re1 Rf7 25. Rf3 Raf8 1/2-1/2

[Event "SVK-chT2B 1920"]
[Site "Slovakia"]
[Date "2019.12.14"]
[Round "5.1"]
[White "Urbanic, Martin"]
[Black "Chovanec, Milan"]
[Result "1/2-1/2"]
[WhiteElo "2031"]
[BlackElo "2090"]
[PlyCount "72"]
[EventDate "2019.10.26"]
[EventType "team-tourn"]
[EventRounds "11"]
[EventCountry "SVK"]
[SourceTitle "CBM 194 Extra"]
[Source "ChessBase"]
[SourceDate "2020.03.31"]
[SourceVersion "1"]
[SourceVersionDate "2020.03.31"]
[SourceQuality "1"]
[WhiteTeam "Povazska Bystrica II"]
[BlackTeam "Povazske Podhradie"]
[WhiteTeamCountry "SVK"]
[BlackTeamCountry "SVK"]

1. e4 e5 2. Nf3 Nf6 3. Nxe5 d6 4. Nf3 Nxe4 5. Nc3 Nxc3 6. dxc3 Be7 7. Be3 0-0 8. Qd2 Nd7 9. 0-0-0 c6 10. Kb1 d5 11. c4 Nb6 12. cxd5 Nxd5 13. Bc4 Be6 14. Rhe1 Re8 15. Bg5 Bf6 16. Bxf6 Qxf6 17. Nd4 Rad8 18. Nxe6 Rxe6 19. Rxe6 Qxe6 20. Re1 Qd7 21. Bxd5 cxd5 22. Rd1 Qc6 23. Qd4 a6 24. g3 b5 25. f4 a5 26. a3 h6 27. Re1 Rc8 28. c3 Rb8 29. Re5 b4 30. axb4 axb4 31. Rxd5 bxc3 32. Rd8+ Rxd8 33. Qxd8+ Kh7 34. Qd3+ g6 35. Qxc3 Qh1+ 36. Ka2 Qxh2 1/2-1/2

[Event "SVK-chT1W 1920"]
[Site "Slovakia"]
[Date "2019.12.07"]
[Round "5.7"]
[White "Urbanic, Martin"]
[Black "Podoba, Milan"]
[Result "1/2-1/2"]
[WhiteElo "2031"]
[BlackElo "1960"]
[PlyCount "97"]
[EventDate "2019.10.12"]
[EventType "team-tourn"]
[EventRounds "11"]
[EventCountry "SVK"]
[SourceTitle "CBM 193 Extra"]
[Source "ChessBase"]
[SourceDate "2020.01.31"]
[SourceVersion "1"]
[SourceVersionDate "2020.01.31"]
[SourceQuality "1"]
[WhiteTeam "Povazska Bystrica"]
[BlackTeam "Dubnica nad Vahom II"]
[WhiteTeamCountry "SVK"]
[BlackTeamCountry "SVK"]

1. c4 c6 2. d4 d5 3. Nc3 Nf6 4. Nf3 e6 5. Bg5 Nbd7 6. e3 Qa5 7. Bxf6 Nxf6 8. Qa4 Qxa4 9. Nxa4 dxc4 10. Ne5 b5 11. Nc3 Bb7 12. Be2 Bb4 13. 0-0 0-0 14. a3 Bxc3 15. bxc3 Ne4 16. Rfc1 f6 17. Nd7 Rfd8 18. Nc5 Nxc5 19. dxc5 e5 20. e4 Rd2 21. Kf1 Rad8 22. Rd1 Bc8 23. Ke1 Rxd1+ 24. Rxd1 Rxd1+ 25. Bxd1 Kf7 26. Kd2 Ke7 27. Ke3 Be6 28. f3 f5 29. Kf2 Kf6 30. Kg3 g5 31. h3 h5 32. Kf2 h4 33. Bc2 g4 34. exf5 gxh3 35. gxh3 Bxf5 36. Be4 Bd7 37. Ke3 Kg5 38. Ke2 Kf4 39. Kf2 a6 40. Bg6 Kg5 41. Be4 Kf4 42. Bg6 a5 43. Be4 Be8 44. Ke2 Kg3 45. Bf5 Kf4 46. Be4 Bd7 47. Kf2 Be8 48. Ke2 Bd7 49. Kf2 1/2-1/2

[Event "SVK-chT2B 1819"]
[Site "Slovakia"]
[Date "2018.11.18"]
[Round "4.7"]
[White "Cervenka, Peter"]
[Black "Urbanic, Martin"]
[Result "0-1"]
[WhiteElo "1784"]
[BlackElo "2001"]
[PlyCount "71"]
[EventDate "2018.10.13"]
[EventType "team-tourn"]
[EventRounds "11"]
[EventCountry "SVK"]
[SourceTitle "CBM 187 Extra"]
[Source "ChessBase"]
[SourceDate "2018.11.04"]
[SourceVersion "1"]
[SourceVersionDate "2018.11.04"]
[SourceQuality "1"]
[WhiteTeam "Surany"]
[BlackTeam "Povazska Bystrica"]
[WhiteTeamCountry "SVK"]
[BlackTeamCountry "SVK"]

1. e4 e5 2. Nf3 Nc6 3. Bc4 Bc5 4. c3 Nf6 5. d3 0-0 6. 0-0 d6 7. Bb3 h6 8. Nbd2 Be6 9. Nc4 Qd7 10. Re1 Rfe8 11. Be3 Bb6 12. Bxb6 axb6 13. Ne3 d5 14. exd5 Nxd5 15. Nxd5 Bxd5 16. Re3 Qe6 17. Bxd5 Qxd5 18. a3 Rad8 19. Qc2 f5 20. Ne1 Re6 21. b4 Ne7 22. Rb1 Kh8 23. Qb3 Qd7 24. d4 e4 25. g3 b5 26. Ng2 Nd5 27. Re2 f4 28. gxf4 Rg6 29. Kh1 Qg4 30. Rg1 Qxe2 31. Qd1 Qxf2 32. Qf1 Qxf1 33. Rxf1 Rxg2 34. Kxg2 Ne3+ 35. Kf2 Nxf1 36. Kxf1 0-1

[Event "SVK-chT2B 1819"]
[Site "Slovakia"]
[Date "2018.10.14"]
[Round "2.5"]
[White "Urbanic, Martin"]
[Black "Gyopos, Istvan"]
[Result "1-0"]
[WhiteElo "1980"]
[BlackElo "1950"]
[PlyCount "97"]
[EventDate "2018.10.13"]
[EventType "team-tourn"]
[EventRounds "11"]
[EventCountry "SVK"]
[SourceTitle "CBM 187 Extra"]
[Source "ChessBase"]
[SourceDate "2018.11.04"]
[SourceVersion "1"]
[SourceVersionDate "2018.11.04"]
[SourceQuality "1"]
[WhiteTeam "Povazska Bystrica"]
[BlackTeam "Batorove Kosihy II"]
[WhiteTeamCountry "SVK"]
[BlackTeamCountry "SVK"]

1. e4 e5 2. Nf3 Nc6 3. Bc4 Nf6 4. d3 Be7 5. 0-0 d6 6. c3 0-0 7. Nbd2 Bg4 8. Re1 Qd7 9. Nf1 Na5 10. Bb3 Nxb3 11. axb3 a6 12. Ng3 Rad8 13. h3 Be6 14. Be3 Ne8 15. d4 f5 16. exf5 Bxf5 17. dxe5 dxe5 18. Qxd7 Bxd7 19. Nxe5 Be6 20. b4 Bf6 21. Ng4 Bb3 22. Bc5 Rf7 23. Ne4 h5 24. Nexf6+ Nxf6 25. Ne5 Rff8 26. Bxf8 Kxf8 27. Nf3 Rd7 28. Nd4 Bd5 29. Re5 g6 30. Rae1 Rf7 31. Ne6+ Bxe6 32. Rxe6 Kg7 33. Re7 Nd5 34. Rxf7+ Kxf7 35. g3 Nb6 36. Kg2 Nc4 37. Re2 Kf6 38. f4 Nd6 39. Kf3 Kf7 40. g4 hxg4+ 41. hxg4 Kf6 42. Ke3 Nc4+ 43. Kd4 Nb6 44. Rh2 Nc8 45. Rh7 Ne7 46. Rxe7 Kxe7 47. Ke5 Kf7 48. f5 gxf5 49. Kxf5 1-0

[Event "SVK-chT3B2 1718"]
[Site "Slovakia"]
[Date "2018.02.18"]
[Round "9.2"]
[White "Kurtulik, Andrej"]
[Black "Urbanic, Martin"]
[Result "1-0"]
[WhiteElo "1801"]
[BlackElo "1988"]
[PlyCount "59"]
[EventDate "2017.10.08"]
[EventType "team-tourn"]
[EventRounds "11"]
[EventCountry "SVK"]
[SourceTitle "EXT 2020"]
[Source "ChessBase"]
[SourceDate "2019.10.17"]
[SourceVersion "1"]
[SourceVersionDate "2019.10.17"]
[SourceQuality "1"]
[WhiteTeam "Prievidza II"]
[BlackTeam "Povazska Bystrica Sparta II"]
[WhiteTeamCountry "SVK"]
[BlackTeamCountry "SVK"]

1. e4 e5 2. Nf3 Nc6 3. Nc3 Nf6 4. Bb5 d6 5. d4 exd4 6. Qxd4 Bd7 7. Bxc6 Bxc6 8. Bg5 Be7 9. 0-0-0 0-0 10. h4 Nd7 11. Nd5 Bxd5 12. exd5 Bf6 13. Bxf6 Qxf6 14. Qd2 a5 15. Rh3 Nc5 16. g4 b5 17. Re1 b4 18. Nd4 Rfe8 19. Rhe3 Rxe3 20. Qxe3 h6 21. g5 hxg5 22. hxg5 Qg6 23. f4 Qh5 24. Nf5 Qg4 25. Ne7+ Kf8 26. Rh1 Ke8 27. Rh8+ Kd7 28. Rxa8 Qg2 29. b3 Ne4 30. Nc6 1-0

[Event "SVK-chT2B 1718"]
[Site "Slovakia"]
[Date "2018.02.04"]
[Round "7.4"]
[White "Urbanic, Martin"]
[Black "Reisel, Frantisek"]
[Result "1-0"]
[WhiteElo "1978"]
[BlackElo "1979"]
[PlyCount "47"]
[EventDate "2017.10.28"]
[EventType "team-tourn"]
[EventRounds "11"]
[EventCountry "SVK"]
[SourceTitle "EXT 2019"]
[Source "ChessBase"]
[SourceDate "2018.10.10"]
[SourceVersion "1"]
[SourceVersionDate "2018.10.10"]
[SourceQuality "1"]
[WhiteTeam "Povazska Bystrica"]
[BlackTeam "Prievidza"]
[WhiteTeamCountry "SVK"]
[BlackTeamCountry "SVK"]

1. e4 c6 2. d4 d5 3. exd5 cxd5 4. Nf3 Nc6 5. Be2 Bf5 6. 0-0 e6 7. Bf4 Bd6 8. Bxd6 Qxd6 9. c3 Nge7 10. Nbd2 Ng6 11. Re1 0-0 12. Nf1 Nf4 13. Ng3 Nxe2+ 14. Qxe2 Bg6 15. Ne5 Rac8 16. h4 Ne7 17. a3 h6 18. Qg4 Bf5 19. Qf4 Rcd8 20. Qd2 Bh7 21. Ng4 Nc6 22. Nh5 Bg6 23. Nxg7 h5 24. Nxh5 1-0

[Event "SVK-chT2B 1314"]
[Site "Slovakia"]
[Date "2013.11.23"]
[Round "3.7"]
[White "Urbanic, Martin"]
[Black "Nagy, Attila4444"]
[Result "1-0"]
[WhiteElo "1910"]
[BlackElo "1838"]
[PlyCount "95"]
[EventDate "2013.10.19"]
[EventType "team-tourn"]
[EventRounds "11"]
[EventCountry "SVK"]
[SourceTitle "EXT 2015"]
[Source "ChessBase"]
[SourceDate "2014.11.20"]
[SourceVersion "1"]
[SourceVersionDate "2014.11.20"]
[SourceQuality "1"]
[WhiteTeam "Povazska Bystrica III"]
[BlackTeam "Batorove Kosihy"]
[WhiteTeamCountry "SVK"]
[BlackTeamCountry "SVK"]

1. e4 c5 2. Nf3 Nc6 3. d4 cxd4 4. Nxd4 Nf6 5. Nc3 e5 6. Ndb5 d6 7. Bg5 a6 8. Na3 b5 9. Bxf6 gxf6 10. Nd5 f5 11. exf5 Bxf5 12. c3 Bg7 13. Be2 0-0 14. 0-0 Kh8 15. Nc2 Ne7 16. Nce3 Be4 17. Bf3 Bxf3 18. Qxf3 Nxd5 19. Qxd5 f5 20. Rfd1 Rf6 21. Rd2 Ra7 22. Rad1 Rd7 23. c4 f4 24. Nc2 bxc4 25. Qxc4 f3 26. Ne1 Bh6 27. Rd3 fxg2 28. Nxg2 Qb6 29. Qc2 e4 30. Rg3 d5 31. Ne3 Bxe3 32. fxe3 Rg6 33. Qc3+ Qf6 34. Qxf6+ Rxf6 35. Rg5 Rg6 36. Rxg6 hxg6 37. Kg2 Rb7 38. Rd2 Kg7 39. Kg3 Rf7 40. Rf2 Rxf2 41. Kxf2 Kf6 42. b4 Ke6 43. Ke2 Kd6 44. a4 Kc6 45. Kd2 Kb6 46. Kc3 a5 47. bxa5+ Kxa5 48. Kd4 1-0

[Event "SVK-ch op"]
[Site "Banska Stiavnica"]
[Date "2013.07.14"]
[Round "9"]
[White "Lukac, Roman"]
[Black "Urbanic, Martin"]
[Result "1/2-1/2"]
[WhiteElo "2126"]
[BlackElo "1912"]
[PlyCount "63"]
[EventDate "2013.07.06"]
[EventType "swiss"]
[EventRounds "9"]
[EventCountry "SVK"]
[SourceTitle "CBM 155 Extra"]
[Source "ChessBase"]
[SourceDate "2013.08.26"]
[SourceVersion "1"]
[SourceVersionDate "2013.08.26"]
[SourceQuality "1"]

1. e4 e5 2. Nf3 Nc6 3. Bb5 f5 4. d3 Nf6 5. Nc3 d6 6. a4 fxe4 7. dxe4 Be6 8. h3 Be7 9. Be3 a6 10. Be2 h6 11. Qd2 Qd7 12. g4 0-0-0 13. g5 hxg5 14. Nxg5 Rdf8 15. 0-0-0 Bxh3 16. Nxh3 Rxh3 17. Rhg1 Kb8 18. Rxg7 Rh2 19. Kb1 Ne8 20. Bg4 Qd8 21. Rg6 Rfh8 22. Nd5 Nf6 23. Bf5 Nxd5 24. exd5 Nd4 25. Bxd4 exd4 26. Qxd4 Rf8 27. Qe4 Rxf2 28. Be6 Bf6 29. Rdg1 Be5 30. Rg8 Rxg8 31. Rxg8 Rf8 32. Qg6 1/2-1/2

[Event "Zilina Region-ch"]
[Site "Zilina"]
[Date "2013.05.19"]
[Round "5"]
[White "Simo, Lubomir"]
[Black "Urbanic, Martin"]
[Result "1/2-1/2"]
[WhiteElo "1739"]
[BlackElo "1930"]
[PlyCount "107"]
[EventDate "2013.05.17"]
[EventType "swiss"]
[EventRounds "6"]
[EventCountry "SVK"]
[SourceTitle "CBM 154 Extra"]
[Source "ChessBase"]
[SourceDate "2013.06.25"]
[SourceVersion "2"]
[SourceVersionDate "2013.06.25"]
[SourceQuality "1"]

1. e4 e5 2. Nc3 Nc6 3. g3 Bc5 4. Bg2 d6 5. h3 a6 6. Nge2 Nge7 7. d3 f5 8. 0-0 0-0 9. Kh2 Qe8 10. f4 Be6 11. Nd5 Rc8 12. Nec3 Nd4 13. Nxe7+ Qxe7 14. fxe5 dxe5 15. exf5 Rxf5 16. Rxf5 Bxf5 17. Nd5 Qd7 18. Bd2 c6 19. Ne3 Rf8 20. Bc3 Qf7 21. Qd2 Bxh3 22. Rf1 Qh5 23. Rxf8+ Bxf8 24. Bxd4 Be6+ 25. Kg1 exd4 26. Nf1 Qe5 27. a3 Be7 28. Be4 Bd5 29. Qg2 Bxe4 30. Qxe4 Qxe4 31. dxe4 Bg5 32. a4 c5 33. Kf2 b5 34. axb5 axb5 35. Nh2 Kf7 36. b3 Ke6 37. Nf3 Bc1 38. Ke2 h5 39. b4 cxb4 40. Nxd4+ Ke5 41. Kd3 g5 42. Nf3+ Ke6 43. Nd4+ Kf6 44. Nc6 h4 45. gxh4 gxh4 46. Ke2 h3 47. Kf3 h2 48. Kg2 Bf4 49. Nxb4 Ke5 50. Nc6+ Kxe4 51. Na7 b4 52. Nc6 Bd6 53. Nxb4 Bxb4 54. Kxh2 1/2-1/2

[Event "Zilina Region-ch"]
[Site "Zilina"]
[Date "2013.05.19"]
[Round "6"]
[White "Urbanic, Martin"]
[Black "Brodek, Jaroslav"]
[Result "1/2-1/2"]
[WhiteElo "1930"]
[BlackElo "1706"]
[PlyCount "63"]
[EventDate "2013.05.17"]
[EventType "swiss"]
[EventRounds "6"]
[EventCountry "SVK"]
[SourceTitle "CBM 154 Extra"]
[Source "ChessBase"]
[SourceDate "2013.06.25"]
[SourceVersion "2"]
[SourceVersionDate "2013.06.25"]
[SourceQuality "1"]

1. e4 e6 2. d4 d5 3. e5 c5 4. c3 Nc6 5. Nf3 Qb6 6. a3 c4 7. Be2 Bd7 8. 0-0 Na5 9. Nbd2 g6 10. h3 Bh6 11. Rb1 Bxd2 12. Bxd2 h6 13. Nh2 0-0-0 14. Ng4 h5 15. Nh2 Nb3 16. Bg5 Re8 17. Qe1 a5 18. Bd1 a4 19. Qe3 Qc6 20. Bxb3 axb3 21. Qf4 Rh7 22. Nf3 Qc7 23. Rbe1 b5 24. Re3 Bc6 25. Rfe1 Rf8 26. Bf6 Nxf6 27. Qxf6 Qd8 28. Qxd8+ Kxd8 29. Ng5 Rg7 30. Rf3 Ke7 31. Rf6 Ra8 32. Rc1 1/2-1/2